100 największych miast w Chinach na mapie - Statystyki

Ogólne statystyki
  • Ten quiz został rozwiązany 95 razy
    66 od ostatniego zresetowania
  • Średni wynik to 17 z 100
Odpowiedzi na mapie
Odpowiedzi zakodowano w zielono-czerwonej skali na mapie do tego quizu, zgodnie z poniższymi procentami.
 
Statystyki odpowiedzi
Nr Miasto Prowincja/Region autonomiczny Ludność % Poprawnych
2 Pekin - 18,960,744
100%
1 Szanghaj - 21,909,814
97%
4 Kanton Guangdong 16,096,724
83%
7 Wuhan Hubei 10,494,879
82%
10 Xi'an Shaanxi 9,392,938
62%
6 Tiencin - 11,052,404
55%
5 Chengdu Syczuan 13,568,357
53%
9 Chongqing - 9,580,819
53%
13 Nankin Jiangsu 7,519,814
52%
21 Harbin Heilongjiang 5,242,897
50%
3 Shenzhen Guangdong 17,444,609
48%
31 Urumczi Sinciang 3,842,560
45%
25 Xiamen Fujian 4,617,251
40%
24 Dalian Liaoning 4,913,879
37%
11 Hangzhou Zhejiang 9,236,032
35%
16 Qingdao Shandong 6,165,279
33%
35 Fuzhou Fujian 3,723,454
32%
20 Kunming Junnan 5,273,144
30%
23 Hefei Anhui 5,055,978
27%
26 Nanning Kuangsi 4,582,703
27%
14 Shenyang Liaoning 7,026,358
27%
34 Ningbo Zhejiang 3,731,203
25%
15 Zhengzhou Henan 6,461,013
25%
19 Changsha Hunan 5,630,256
23%
38 Lanzhou Gansu 3,012,577
22%
33 Shantou Guangdong 3,838,900
22%
17 Suzhou Jiangsu 5,892,892
20%
44 Wenzhou Zhejiang 2,582,017
20%
8 Dongguan Guangdong 9,644,871
18%
12 Foshan Guangdong 9,042,509
18%
47 Haikou Hajnan 2,349,239
18%
18 Jinan Shandong 5,648,162
18%
27 Changchun Jilin 4,557,356
17%
28 Taiyuan Shanxi 4,303,673
17%
30 Wuxi Jiangsu 3,956,985
17%
29 Guiyang Kuejczou 4,021,275
15%
46 Hohhot Mongolia Wewnętrzna 2,373,399
15%
39 Nantong Jiangsu 2,987,600
15%
74 Jilin Jilin 1,509,292
13%
22 Shijiazhuang Hebei 5,090,440
13%
43 Linyi Shandong 2,743,843
12%
36 Nanchang Jiangxi 3,518,975
12%
64 Xining Qinghai 1,677,177
12%
78 Anshan Liaoning 1,480,332
10%
42 Zibo Shandong 2,750,312
10%
58 Datong Shanxi 1,809,505
8%
50 Luoyang Henan 2,230,661
8%
49 Yantai Shandong 2,311,885
8%
84 Zhanjiang Guangdong 1,400,709
8%
53 Baotou Mongolia Wewnętrzna 2,104,114
7%
68 Daqing Heilongjiang 1,604,027
7%
85 Guilin Kuangsi 1,361,244
7%
54 Handan Hebei 2,095,134
7%
93 Maoming Guangdong 1,307,802
7%
75 Taizhou Zhejiang 1,485,502
7%
88 Taizhou Jiangsu 1,348,327
7%
45 Tangshan Hebei 2,549,968
7%
56 Weifang Shandong 1,998,405
7%
69 Wuhu Anhui 1,598,165
7%
41 Xuzhou Jiangsu 2,845,552
7%
55 Yangzhou Jiangsu 2,067,254
7%
37 Changzhou Jiangsu 3,187,315
5%
80 Cixi Zhejiang 1,457,510
5%
40 Huizhou Guangdong 2,900,113
5%
60 Jiangmen Guangdong 1,795,459
5%
71 Putian Fujian 1,539,389
5%
79 Quanzhou Fujian 1,469,157
5%
90 Weihai Shandong 1,339,645
5%
66 Yinchuan Ningxia 1,662,968
5%
91 Zhangjiakou Hebei 1,339,384
5%
32 Zhongshan Guangdong 3,841,873
5%
51 Zhuhai Guangdong 2,207,090
5%
73 Zhuzhou Hunan 1,510,148
5%
59 Huai'an Jiangsu 1,804,611
3%
97 Huainan Anhui 1,255,619
3%
100 Jieyang Guangdong 1,242,906
3%
52 Liuzhou Kuangsi 2,204,841
3%
81 Tai'an Shandong 1,416,591
3%
63 Xiangyang Hubei 1,686,403
3%
86 Yancheng Jiangsu 1,353,475
3%
95 Yichang Hubei 1,284,305
3%
57 Baoding Hebei 1,940,384
2%
99 Chaozhou Guangdong 1,254,007
2%
61 Ganzhou Jiangxi 1,778,132
2%
94 Heze Shandong 1,293,767
2%
62 Jining Shandong 1,700,054
2%
70 Mianyang Syczuan 1,549,499
2%
98 Nanchong Syczuan 1,254,455
2%
83 Nanyang Henan 1,407,616
2%
72 Qinhuangdao Hebei 1,520,199
2%
89 Shangrao Jiangxi 1,342,220
2%
48 Shaoxing Zhejiang 2,333,080
2%
77 Xingtai Hebei 1,480,754
2%
96 Xinxiang Henan 1,271,350
2%
76 Yiwu Zhejiang 1,481,384
2%
87 Zaozhuang Shandong 1,349,883
2%
65 Zunyi Kuejczou 1,675,245
2%
92 Jiangyin Jiangsu 1,331,352
0%
82 Jinjiang Fujian 1,416,151
0%
67 Kunshan Jiangsu 1,652,159
0%
Nie znaleziono quizów pasujących do podanych kryteriów
Rozkład punktacji
Procent ludzi z każdym wynikiem
Percentyl według liczby udzielonych odpowiedzi
Twoja historia wyników
Nie rozwiązałeś tego quizu od ostatniego zresetowania